[Event "3rd ACP Blitz Prelim1"]
[Site "playchess.com INT"]
[Date "2004.05.31"]
[Round "5"]
[White "Dreev,A"]
[Black "Lobron,E"]
[Result "1-0"]
[WhiteElo "2689"]
[BlackElo "2493"]

1.d4 Nf6 2.c4 e6 3.Nf3 b6 4.a3 Ba6 5.Qc2 Bb7 6.Nc3 c5 7.e4 cxd4 8.Nxd4 Bc5
9.Nb3 Nc6 10.Bg5 Nd4 11.Nxd4 Bxd4 12.Bd3 Qb8 13.Bh4 O-O 14.Bg3 Be5 15.O-O-O Rc8
16.Kb1 a6 17.Qe2 b5 18.f3 Bc6 19.cxb5 axb5 20.Na2 Bxg3 21.hxg3 Qxg3 22.e5 Nd5
23.Bxh7+ Kf8 24.Be4 Qxe5 25.Qf2 Nf6 26.Bxc6 dxc6 27.Nb4 g6 28.Nd3 Qc7 29.Qd4 Kg7
30.Rh7+ Kxh7 31.Qxf6 Qh2 32.Ne5 Ra7 33.Nxf7 Rd8  1-0

[Event "3rd ACP Blitz Prelim1"]
[Site "playchess.com INT"]
[Date "2004.05.31"]
[Round "7"]
[White "Dreev,A"]
[Black "Baklan,V"]
[Result "0-1"]
[WhiteElo "2689"]
[BlackElo "2615"]

1.d4 Nf6 2.c4 e6 3.Nf3 b6 4.a3 Bb7 5.Nc3 g6 6.Qc2 Bg7 7.e4 d6 8.Bg5 h6 9.Be3 O-O
10.Bd3 c5 11.d5 exd5 12.cxd5 Ng4 13.Bf4 Qe7 14.h3 Nf6 15.O-O Nh5 16.Bh2 Nd7
17.Qd2 a6 18.a4 Kh7 19.g4 Nhf6 20.Rae1 Ne8 21.Kg2 Rc8 22.b3 Ne5 23.Nxe5 dxe5
24.Qe2 Ra8 25.Nd1 Nd6 26.Ne3 b5 27.axb5 axb5 28.Ra1 Qd7 29.Rfc1 Rxa1 30.Rxa1 Ra8
31.Rxa8 Bxa8 32.Qa2 Qc8 33.Bg3 Bb7 34.Kf1 Ba6 35.Kg2 c4 36.Bc2 b4 37.bxc4 Nxc4
38.Nxc4 Bxc4 39.Qb1 Qc5 40.Bb3 Bxb3 41.Qxb3 Qc3 42.Qd1 b3 43.d6 Qc2 44.Qd5 b2
45.d7 b1=Q 46.d8=Q Qcc1 47.Bh2 Qf1+ 48.Kg3 Qbc1 49.Qd2 Qa3+ 50.Qe3 Qxe3+
51.fxe3 Qe2 52.Qd5 Qxe3+ 53.Kg2 Qe2+ 54.Kg1 Qe1+ 55.Kg2 Qe2+ 56.Kg1 Qf3 57.Qb7 h5
58.gxh5 gxh5 59.h4 Bh6 60.Qd7 Be3+  0-1

[Event "3rd ACP Blitz Prelim1"]
[Site "playchess.com INT"]
[Date "2004.05.31"]
[Round "9"]
[White "Dreev,A"]
[Black "Nielsen,PH"]
[Result "0-1"]
[WhiteElo "2689"]
[BlackElo "2628"]

1.d4 Nf6 2.c4 e6 3.Nf3 d5 4.Nc3 dxc4 5.e4 Bb4 6.Bg5 c5 7.e5 h6 8.Bd2 Bxc3
9.bxc3 Ne4 10.Bxc4 O-O 11.O-O Nxd2 12.Qxd2 cxd4 13.cxd4 Bd7 14.d5 exd5 15.Bxd5 Bc6
16.Rfd1 Qxd5 17.Qxd5 Bxd5 18.Rxd5 Nc6 19.Rd7 Rab8 20.h4 Rfd8 21.Rad1 Kf8
22.R1d2 b5 23.R2d6 Rxd7 24.Rxd7 a5 25.Rc7 Rb6 26.Rd7 Nb4 27.Rd2 Rc6 28.Nd4 Rc5
29.e6 Rd5 30.exf7 Kxf7 31.a3 Nc6 32.Nb3 Rxd2 33.Nxd2 Ke6 34.Kf1 Kd5 35.Ke2 Kd4
36.f4 Kc3 37.Ne4+ Kb3 38.Nd6 Na7  0-1

[Event "3rd ACP Blitz Prelim1"]
[Site "playchess.com INT"]
[Date "2004.05.31"]
[Round "11"]
[White "Dreev,A"]
[Black "Golubev,M"]
[Result "1/2-1/2"]
[WhiteElo "2689"]
[BlackElo "2532"]

1.d4 Nf6 2.c4 g6 3.Nc3 Bg7 4.e4 d6 5.f3 a6 6.Be3 O-O 7.Qd2 Nc6 8.Nge2 Rb8
9.Rb1 Bd7 10.b4 Re8 11.a4 a5 12.b5 Nb4 13.Ng3 e5 14.d5 b6 15.Be2 Qe7 16.O-O h5
17.Nh1 Qf8 18.Nf2 Nh7 19.Nd3 Nxd3 20.Bxd3 Re7 21.Kh1 Rbe8 22.Ne2 Bc8 23.Rbe1 Bf6
24.Bh6 Bg7 25.Be3 Bf6 26.g3 Qg7 27.Rf2 Qh8 28.Qc1 Qg7 29.Bh6  1/2-1/2

[Event "3rd ACP Blitz Final"]
[Site "playchess.com INT"]
[Date "2004.06.05"]
[Round "1.4"]
[White "Vaisser,A"]
[Black "Dreev,A"]
[Result "0-1"]
[WhiteElo "2573"]
[BlackElo "2689"]

1.d4 d5 2.c4 c6 3.Nc3 Nf6 4.cxd5 cxd5 5.Bf4 Nc6 6.e3 a6 7.Bd3 Bg4 8.Nge2 e6
9.Rc1 Bd6 10.Bg5 Be7 11.O-O Bh5 12.Na4 Nd7 13.Bxe7 Qxe7 14.Qb3 Qb4 15.Qxb4 Nxb4
16.Nf4 Nxd3 17.Nxd3 Be2 18.Ne5 Bxf1 19.Kxf1 Nxe5 20.dxe5 Kd8 21.Nb6 Rb8 22.a4 Re8
23.a5 Re7 24.b4 Rc7 25.Rd1 Ke7 26.Rd2 f6 27.exf6+ Kxf6 28.Ke2 Rd8 29.e4 Ke5
30.exd5 exd5 31.Kd3 Rf7 32.Re2+ Kd6 33.f3 Re7 34.Rd2 Rde8 35.Kd4 Re2 36.Rd3 Rxg2
37.Nxd5 Rxh2 38.Ne3 Rh4+ 39.Kc3+ Ke6 40.Nd5 Rc8+ 41.Kb3 Rcc4 42.f4 Rhxf4
43.Nxf4+ Rxf4 44.Rh3 h6 45.Rg3 Rf7 46.Kc4 g5 47.Rh3 Rc7+ 48.Kd4 Rh7 49.Ke4 Kf6
50.Rf3+ Kg6 51.Rf8 Re7+ 52.Kf3 Rf7+ 53.Rxf7 Kxf7 54.Kg4 Kg6 55.Kf3 h5 56.Kg3 h4+  0-1

[Event "3rd ACP Blitz Final"]
[Site "playchess.com INT"]
[Date "2004.06.05"]
[Round "1.3"]
[White "Dreev,A"]
[Black "Vaisser,A"]
[Result "1-0"]
[WhiteElo "2689"]
[BlackElo "2573"]

1.d4 e6 2.c4 f5 3.g3 Nf6 4.Bg2 d5 5.Qc2 c6 6.Nh3 Bd6 7.Bf4 Be7 8.O-O Nh5
9.Nd2 O-O 10.Nf3 Nd7 11.Rab1 h6 12.Ne5 g5 13.Nxd7 Bxd7 14.Be5 Bf6 15.Bxf6 Qxf6
16.e3 g4 17.Nf4 Nxf4 18.gxf4 Rf7 19.b4 a6 20.a4 b5 21.axb5 axb5 22.cxb5 cxb5
23.Rfc1 Be8 24.Qc5 Rfa7 25.Qd6 Ra6 26.Qc7 R6a7 27.Qc5 Ra2 28.Rc2 Qd8 29.Bf1 Rxc2
30.Qxc2 Rc8 31.Qa2 Qc7 32.Qa6 Qd7 33.Bxb5 Qe7 34.Qxc8  1-0

[Event "3rd ACP Blitz Final"]
[Site "playchess.com INT"]
[Date "2004.06.05"]
[Round "1.2"]
[White "Vaisser,A"]
[Black "Dreev,A"]
[Result "0-1"]
[WhiteElo "2573"]
[BlackElo "2689"]

1.d4 d5 2.c4 c6 3.Nc3 Nf6 4.cxd5 cxd5 5.Bf4 Qb6 6.e3 Bd7 7.Qd2 e6 8.Bd3 Nc6
9.Nf3 Nb4 10.Bb1 Bd6 11.Bxd6 Qxd6 12.O-O O-O 13.Ne5 Rfc8 14.f4 Be8 15.g4 Nd7
16.g5 Nb6 17.Ng4 Nc4 18.Qe2 Nc6 19.Nf6+ gxf6 20.gxf6 Ne7 21.Nb5 Bxb5 22.fxe7 f5
23.Bd3 Bd7 24.b3 Nb6 25.Kh1 Qxe7 26.Rg1+ Kh8 27.Qh5 Rg8 28.Rg5 Rxg5 29.fxg5 Be8
30.Qh6 Bg6 31.Rc1 Rc8 32.Rxc8+ Nxc8 33.Qh4 e5 34.Kg2 Nd6 35.Qg3 f4 36.exf4 exf4
37.Qf3 Be4 38.Bxe4 Qxe4  0-1

[Event "3rd ACP Blitz Octofinal"]
[Site "playchess.com INT"]
[Date "2004.06.05"]
[Round "2"]
[White "Najer,E"]
[Black "Dreev,A"]
[Result "1/2-1/2"]
[WhiteElo "2606"]
[BlackElo "2689"]

1.e4 c6 2.d4 d5 3.e5 Bf5 4.Nf3 e6 5.Be2 Nd7 6.O-O Bg6 7.c3 Nh6 8.Na3 Bxa3
9.bxa3 Qa5 10.Bxh6 gxh6 11.Qc1 Nb6 12.Qb2 O-O 13.Qb4 Qxb4 14.axb4 a5 15.a3 Na4
16.Rfc1 Ra7 17.h4 Rfa8 18.Nh2 axb4 19.cxb4 h5 20.g4 Nb6 21.Rc3 Ra4 22.gxh5 Be4
23.Rb3 Nc4 24.Ng4 Kh8 25.Nf6 Bf5 26.Bxc4 dxc4 27.Rg3 Rxb4 28.Kh2 Rb3 29.Rg5 Rh3+  1/2-1/2

[Event "3rd ACP Blitz Final"]
[Site "playchess.com INT"]
[Date "2004.06.05"]
[Round "2.1"]
[White "Dreev,A"]
[Black "Nielsen,PH"]
[Result "1-0"]
[WhiteElo "2689"]
[BlackElo "2628"]

1.d4 Nf6 2.c4 e6 3.Nf3 d5 4.Nc3 dxc4 5.e4 Bb4 6.Bg5 c5 7.e5 h6 8.Bd2 Bxc3
9.bxc3 Ne4 10.Bxc4 O-O 11.O-O cxd4 12.cxd4 Nxd2 13.Qxd2 Nc6 14.Bd3 Ne7 15.Qf4 Bd7
16.Qe4 g6 17.Qf4 Bc6 18.Rad1 Bxf3 19.Qxf3 Nd5 20.Be4 Rc8 21.Rc1 Qa5 22.Bxd5 Qxd5
23.Qxd5 exd5 24.f4 b5 25.Kf2 Rc4 26.Rxc4 dxc4 27.Rb1 a6 28.Ke3 Rd8 29.a4 Rb8
30.axb5 axb5 31.Rb4 Kf8 32.d5 Ke7 33.Kd4 Kd7 34.g4 Kc7 35.f5 gxf5 36.gxf5 f6
37.e6 Kd6 38.h3 Rb7 39.Rb1 h5 40.Ra1 Rb8 41.Ra6+ Kc7 42.d6+ Kb7 43.e7 c3
44.d7 c2 45.Ra1 c1=Q 46.Rxc1  1-0

[Event "3rd ACP Blitz Final"]
[Site "playchess.com INT"]
[Date "2004.06.05"]
[Round "2.2"]
[White "Nielsen,PH"]
[Black "Dreev,A"]
[Result "1/2-1/2"]
[WhiteElo "2628"]
[BlackElo "2689"]

1.d4 d5 2.c4 c6 3.Nc3 Nf6 4.e3 e6 5.Nf3 Nbd7 6.Bd3 dxc4 7.Bxc4 b5 8.Bd3 Bb7
9.a3 Bd6 10.O-O O-O 11.Bd2 Qe7 12.Ng5 b4 13.axb4 Bxb4 14.Qc2 h6 15.Nh7 Nxh7
16.Bxh7+ Kh8 17.Be4 Nf6 18.Bf3 c5 19.Bxb7 Qxb7 20.dxc5 Bxc5 21.Ra2 Rfc8 22.Rfa1 Bb6
23.Qd1 Rd8 24.Qe2 Rac8 25.Be1 Qc6 26.Qf3 Qxf3 27.gxf3 Kg8 28.Kf1 Rd7 29.Ra4 Nd5
30.Ke2 f6 31.Rd1 Nxc3+ 32.Bxc3 Rxd1 33.Kxd1 Kf7 34.Ke2 Rc5 35.Kd3 Rd5+ 36.Ke2 Rh5
37.h4 Rd5 38.b3 h5 39.f4 Rb5 40.b4 Rd5 41.Ra2 Rd7 42.Ra1 Rc7 43.Kd3 Rd7+
44.Kc4 Rc7+ 45.Kb3 Rd7 46.Bd4 Bxd4 47.exd4 Kg6 48.Ra5 Rxd4 49.Rxa7 Rxf4 50.b5 Rxh4
51.b6 Rh1 52.Ra2 Rb1+ 53.Rb2 Rd1 54.Kc4 Rd8 55.b7 Rb8 56.Kc5 h4 57.Kd6 Kf5
58.Kc7 Rxb7+ 59.Kxb7 g5 60.Kc6 g4 61.Kd6 g3 62.fxg3 hxg3 63.Rb1 e5 64.Rf1+ Kg4
65.Kd5 g2 66.Rxf6 Kg3 67.Ke4 g1=Q 68.Rg6+ Kf2 69.Rxg1 Kxg1 70.Kxe5  1/2-1/2

[Event "3rd ACP Blitz Final"]
[Site "playchess.com INT"]
[Date "2004.06.05"]
[Round "2.3"]
[White "Dreev,A"]
[Black "Nielsen,PH"]
[Result "1/2-1/2"]
[WhiteElo "2689"]
[BlackElo "2628"]

1.d4 Nf6 2.c4 e6 3.Nf3 d5 4.cxd5 exd5 5.Nc3 c6 6.Qc2 g6 7.Bg5 Be7 8.e3 Bf5
9.Bd3 Bxd3 10.Qxd3 O-O 11.O-O Nbd7 12.Rab1 a5 13.Qc2 Re8 14.a3 Nb6 15.Ne5 Nfd7
16.Bxe7 Qxe7 17.Nxd7 Qxd7 18.b3 Nc8 19.Na4 Qe7 20.Qc5 Nd6 21.Nc3 Qd8 22.Ne2 Ne4
23.Qc2 Qe7 24.Ng3 Qxa3 25.Nxe4 Rxe4 26.Ra1 Qd6 27.Rfc1 Re7 28.Qc5 Qd8 29.b4 a4
30.b5 Re6 31.b6 Ra6 32.Rcb1 Re8 33.Ra3 Qf6 34.Rba1 Rea8 35.Qb4 Qd8 36.Rb1 Ra5
37.Rba1 Rb5 38.Rxa4 Rxa4 39.Qxa4 Qxb6 40.h3 Rb1+ 41.Rxb1 Qxb1+ 42.Kh2 Qb6
43.Qa8+ Kg7 44.Qb8 h5 45.g4 hxg4 46.hxg4 Qb4 47.Qe5+ Kf8 48.Qb8+ Ke7 49.Qc7+ Ke8
50.Qc8+ Ke7 51.Qc7+ Kf8 52.Qb8+ Kg7 53.Qe5+ Kh7 54.Qc7 Kg8 55.Qb8+ Qf8 56.Qxb7 Qd6+
57.Kg2 Qe6 58.Qb8+ Kg7 59.Qf4 f6 60.Qc7+ Kh6 61.Qh2+ Kg7 62.Qc7+ Kf8 63.Qb8+ Ke7
64.Qc7+ Qd7 65.Qf4 g5 66.Qf3 Qe6 67.Qh3 Qe4+ 68.Kg3 Qg6 69.Qh1 Qe8 70.Qh7+ Qf7
71.Qh8 Qf8 72.Qh7+ Qf7 73.Qh8 Qf8 74.Qh7+ Qf7  1/2-1/2

[Event "3rd ACP Blitz Final"]
[Site "playchess.com INT"]
[Date "2004.06.05"]
[Round "2.4"]
[White "Nielsen,PH"]
[Black "Dreev,A"]
[Result "0-1"]
[WhiteElo "2628"]
[BlackElo "2689"]

1.d4 d5 2.c4 c6 3.Nc3 Nf6 4.Nf3 e6 5.Bg5 Nbd7 6.e3 Qa5 7.cxd5 Nxd5 8.Qd2 Bb4
9.Rc1 h6 10.Bh4 c5 11.a3 Bxc3 12.bxc3 b6 13.Bd3 Ba6 14.O-O cxd4 15.Bxa6 Qxa6
16.cxd4 O-O 17.e4 N5f6 18.Qe3 Rac8 19.Bxf6 Nxf6 20.Ne5 Qb7 21.f3 Rxc1 22.Rxc1 Rc8
23.Rc4 Rxc4 24.Nxc4 b5 25.Ne5 a5 26.Nd3 Nd7 27.Qc1 b4 28.axb4 axb4 29.Qb2 b3
30.Nc1 Qb4 31.Kf2 Nb8 32.Nd3 Qc4 33.Ke3 Nc6 34.g4 g5 35.Qa1 Nb4 36.Nxb4 Qxb4
37.Qb2 Qc4 38.Kd2 Kh7 39.Qc3 Qb5 40.Kc1 h5 41.gxh5 Kh6 42.Kb2 Kxh5 43.Qxb3 Qe2+
44.Ka3 Qxh2 45.d5 Qd6+ 46.Qb4 Qa6+ 47.Kb2 exd5 48.exd5 Kg6 49.Kc3 Qf6+ 50.Kc4 Qxf3
51.Kc5 Qf2+ 52.Kc6 Qf3 53.Kc5 Qf2+ 54.Kb5 Qe2+ 55.Kc6 Qf3 56.Qb1+ f5 57.Qe1 g4
58.Qe8+ Kg5 59.Qe7+ Kf4 60.Kd6 Qa3+ 61.Kd7 Qxe7+ 62.Kxe7 g3 63.d6 g2 64.d7 g1=Q
65.d8=Q Qg5+  0-1

[Event "3rd ACP Blitz Final"]
[Site "playchess.com INT"]
[Date "2004.06.05"]
[Round "3.3"]
[White "Dreev,A"]
[Black "Landa,K"]
[Result "0-1"]
[WhiteElo "2689"]
[BlackElo "2550"]

1.d4 Nf6 2.c4 e6 3.Nf3 b6 4.a3 Ba6 5.Qc2 Bb7 6.Nc3 c5 7.e4 cxd4 8.Nxd4 Nc6
9.Nxc6 Bxc6 10.Bf4 Bc5 11.Be2 O-O 12.Rd1 a5 13.O-O Qe7 14.Bg5 h6 15.Bh4 d6
16.Kh1 e5 17.Nd5 Bxd5 18.Bxf6 Bxe4 19.Bxe7 Bxc2 20.Rc1 Rfe8 21.Bxd6 Bxd6
22.Rxc2 Bc5 23.Rd2 Bd4 24.Bf3 Rac8 25.Bd5 Red8 26.g3 Kf8 27.Kg2 b5 28.b3 a4
29.f4 Be3 30.Re2 exf4 31.gxf4 Bb6 32.Rb1 axb3 33.Rxb3 bxc4 34.Rxb6 Rxd5 35.Rc2 c3
36.Rb3 Rd3 37.a4 Rc4 38.a5 Rd2+ 39.Rxd2 cxd2 40.Rd3 Rxf4 41.Rxd2 Ra4 42.Rd5 Ke7
43.Rb5 Ke6 44.Rb6+ Kf5 45.Rb7 Kg6 46.Ra7 Ra3 47.a6 f5 48.Ra8 Kg5 49.a7 g6
50.Kf2 h5 51.Kg2 h4 52.h3 Rg3+ 53.Kf2 Ra3 54.Kg2 Kf4 55.Kf2 Ra2+ 56.Kf1 g5
57.Ke1 Kg3 58.Rg8 Rxa7 59.Rxg5+ Kf4 60.Rh5 Ke3 61.Kf1 f4 62.Re5+ Kf3 63.Kg1 Ra1+  0-1

[Event "3rd ACP Blitz Final"]
[Site "playchess.com INT"]
[Date "2004.06.05"]
[Round "3.2"]
[White "Landa,K"]
[Black "Dreev,A"]
[Result "1/2-1/2"]
[WhiteElo "2550"]
[BlackElo "2689"]

1.e4 c6 2.d4 d5 3.Nc3 dxe4 4.Nxe4 Bf5 5.Ng3 Bg6 6.h4 h6 7.Nf3 Nd7 8.h5 Bh7
9.Bd3 Bxd3 10.Qxd3 e6 11.Bf4 Ngf6 12.O-O-O Be7 13.Ne4 Nxe4 14.Qxe4 Nf6 15.Qe2 Qd5
16.Kb1 Qe4 17.Qxe4 Nxe4 18.Be3 Rd8 19.Ne5 Bf6 20.g4 O-O 21.f3 Nd6 22.Bf4 Bg5
23.Bg3 Rfe8 24.Rhe1 Bf6 25.c3 Bxe5 26.Rxe5 Nc4 27.Ree1 Nb6 28.Kc2 f6 29.b3 Kf7
30.c4 Re7 31.Rd3 Nd7 32.Bc7 Rc8 33.Bd6 Ree8 34.a4 Rcd8 35.Bc7 Rc8 36.Bg3 Nf8
37.Kc3 Nh7 38.a5 Ng5 39.Rde3 Rcd8 40.b4 a6 41.Bc7 Rc8 42.Bb6 f5 43.Bc5 fxg4
44.fxg4 Nh7 45.Bd6 Nf6 46.Rg1 Rcd8 47.Be5 Nd7 48.Bc7 Rc8 49.Bf4 Nf6 50.Be5 Nd7
51.Bd6 Nf6 52.Rf3 Kg8 53.Be5 Ne4+ 54.Kd3 Ng5 55.Re3 Nf7 56.Kc3 Nxe5 57.Rxe5 Rc7
58.Rge1 Kf7 59.R1e3 Rce7 60.g5 hxg5 61.Rxg5 Kg8 62.h6 Kh7 63.hxg7 Rxg7 64.Rh3+ Kg8
65.Rgh5 Kf7 66.Rh6 Reg8 67.Rf3+ Ke7 68.Re3 Rg6 69.Rh7+ R8g7 70.Rxg7+ Rxg7
71.d5 cxd5 72.cxd5 Kd6 73.dxe6 Re7 74.Kd4 Rxe6 75.Rxe6+ Kxe6 76.Kc5 Kd7 77.Kb6 Kc8
78.Kc5 Kc7 79.Kd5 Kd7 80.Kc5 Kc7 81.b5 axb5 82.Kxb5 Kc8 83.Kb6 Kb8 84.a6 bxa6
85.Kxa6  1/2-1/2

[Event "3rd ACP Blitz Final"]
[Site "playchess.com INT"]
[Date "2004.06.05"]
[Round "3.1"]
[White "Dreev,A"]
[Black "Landa,K"]
[Result "1-0"]
[WhiteElo "2689"]
[BlackElo "2550"]

1.d4 Nf6 2.c4 e6 3.Nf3 d5 4.Nc3 dxc4 5.e4 Bb4 6.Bg5 c5 7.e5 cxd4 8.Nxd4 Qa5
9.exf6 Qxg5 10.Qa4+ Nc6 11.Nxc6 Bxc3+ 12.bxc3 Bd7 13.Qb4 Qxf6 14.Nd4 e5 15.Nb5 a5
16.Qc5 b6 17.Nd6+ Kf8 18.Qa3 Rd8 19.Nb7+ Qe7 20.Qxe7+ Kxe7 21.Nxd8 Rxd8 22.Bxc4 b5
23.Be2  1-0

[Event "3rd ACP Blitz Final"]
[Site "playchess.com INT"]
[Date "2004.06.05"]
[Round "3.4"]
[White "Landa,K"]
[Black "Dreev,A"]
[Result "1-0"]
[WhiteElo "2550"]
[BlackElo "2689"]

1.e4 c6 2.d4 d5 3.Nc3 dxe4 4.Nxe4 Bf5 5.Ng3 Bg6 6.h4 h6 7.Nf3 Nd7 8.h5 Bh7
9.Bd3 Bxd3 10.Qxd3 e6 11.Bf4 Ngf6 12.O-O-O Be7 13.Kb1 O-O 14.Ne4 Qa5 15.Nxf6+ Nxf6
16.Ne5 Rad8 17.Qg3 Kh8 18.c4 Nd7 19.Nd3 Qf5 20.Bc7 Rc8 21.Qf4 b5 22.c5 Qxf4
23.Bxf4 Rfd8 24.Kc2 Nf6 25.Ne5 Kg8 26.f3 Nd5 27.Bd2 Bf6 28.Rhe1 Ne7 29.Ba5 Rd5
30.g4 Bxe5 31.Rxe5 Rxe5 32.dxe5 Nd5 33.Kd3 f6 34.exf6 gxf6 35.Ke4 Kf7 36.Rd3 Kg7
37.Bd2 Re8 38.Ra3 Re7 39.Ra6 f5+ 40.Ke5 fxg4 41.fxg4 Rf7 42.Rxc6 Rf2 43.Bxh6+ Kf7
44.Ra6 Re2+ 45.Kd6 Rxb2 46.g5 Kg8 47.Rxa7 Rd2 48.g6  1-0

[Event "3rd ACP Blitz Octofinal"]
[Site "playchess.com INT"]
[Date "2004.06.05"]
[Round "3"]
[White "Dreev,A"]
[Black "Najer,E"]
[Result "1-0"]
[WhiteElo "2689"]
[BlackElo "2606"]

1.d4 Nf6 2.c4 e6 3.Nf3 b6 4.a3 Ba6 5.Qc2 Bb7 6.Nc3 c5 7.e4 cxd4 8.Nxd4 Bc5
9.Nb3 Nc6 10.Bg5 Be7 11.Rd1 O-O 12.Be2 a6 13.Bf4 d6 14.c5 bxc5 15.Nxc5 dxc5
16.Rxd8 Rfxd8 17.f3 Nd4 18.Qc1 Nd7 19.O-O Bf6 20.Bg5 Bxg5 21.Qxg5 h6 22.Qg3 Bc6
23.Rf2 Nb6 24.Qc7 Na4 25.Nxa4 Bxa4 26.Qxc5 Rac8 27.Qa5 Nxe2+ 28.Rxe2 Rd1+
29.Kf2 Bb5 30.Rd2 Rf1+ 31.Kg3 Kh7 32.a4 Ra1 33.b3 Bf1 34.Kf2 Rcc1 35.Qb4 Rcb1
36.Qb7 Kg6 37.e5 h5 38.Qe4+ Kh6 39.Qe3+ Kh7 40.h4 Kg6 41.Qg5+ Kh7 42.Qxh5+  1-0

[Event "FIDE WCh KO"]
[Site "Tripoli LBA"]
[Date "2004.06.24"]
[Round "3.7"]
[White "Dreev,A"]
[Black "Sakaev,K"]
[Result "1-0"]
[WhiteElo "2689"]
[BlackElo "2665"]

1.d4 Nf6 2.Nf3 g6 3.Bf4 Bg7 4.e3 b6 5.c4 d6 6.Nc3 O-O 7.h3 Bb7 8.Be2 Nbd7
9.Qc2 e6 10.O-O Qe7 11.Bh2 e5 12.d5 h5 13.e4 Nh7 14.Nb5 Qd8 15.Nd2 a6 16.Nc3 Qe8
17.Qd1 Bh6 18.b4 Qe7 19.Nb3 f5 20.exf5 gxf5 21.Bxh5 Kh8 22.f4 Rg8 23.fxe5 dxe5
24.Rxf5 Qh4 25.Bg4 Nhf6 26.Qe1 Qxe1+ 27.Rxe1 Nxg4 28.hxg4 Rxg4 29.c5 bxc5
30.bxc5 Rag8 31.c6 Rxg2+ 32.Kh1 Bc8 33.cxd7 Bxd7 34.Bxe5+ Kh7 35.Rf7+ Kg6
36.Rxd7 Rg4 37.Rg1 Rxg1+ 38.Kxg1 Kf5+ 39.Kf2 Kxe5 40.Rxc7 Rg4 41.Re7+ Kf5
42.Rf7+ Ke5 43.Ke2 Rg2+ 44.Kd1 Rg1+ 45.Ke2 Rg2+ 46.Rf2 Rg3 47.Rf3 Rg2+ 48.Kd3 Bg7
49.Re3+ Kf5 50.Rf3+ Ke5 51.Re3+ Kf5 52.Nd4+ Kg6 53.Re6+ Kf7 54.Rxa6 Rg3+
55.Kc4 Rg4 56.Ra7+ Kf8 57.Ne2 Be5 58.a4 Rg2 59.Ra8+ Ke7 60.Ra7+ Kd6 61.Ra6+ Kc7
62.Nb5+ Kb7 63.Nec3 Rg4+ 64.Kb3 Rg3 65.Re6 Bg7 66.Re7+ Kb6 67.d6 Kc5 68.Rc7+ Kb6
69.Re7 Bf6 70.Re6  1-0

[Event "Sanjin Hotel Cup"]
[Site "Taiyuan CHN"]
[Date "2004.07.18"]
[Round "2"]
[White "Xie Jun"]
[Black "Dreev,A"]
[Result "1/2-1/2"]
[WhiteElo "2564"]
[BlackElo "2690"]

1.e4 c5 2.Nf3 d6 3.d4 Nf6 4.Nc3 cxd4 5.Nxd4 Nc6 6.Bg5 Bd7 7.Qd2 Rc8 8.O-O-O Nxd4
9.Qxd4 Qa5 10.Bd2 a6 11.Kb1 Qc5 12.Qxc5 Rxc5 13.f3 Rc8 14.Bd3 e6 15.Ne2 d5
16.exd5 Nxd5 17.Be4 Ba4 18.Nd4 Bc5 19.Nb3 Bxb3 20.axb3 Rd8 21.c4  1/2-1/2

[Event "Sanjin Hotel Cup"]
[Site "Taiyuan CHN"]
[Date "2004.07.22"]
[Round "5"]
[White "Dreev,A"]
[Black "Xu Jun"]
[Result "1-0"]
[WhiteElo "2690"]
[BlackElo "2617"]

1.d4 Nf6 2.Nf3 d5 3.c4 dxc4 4.e3 e6 5.Bxc4 c5 6.O-O a6 7.Bd3 cxd4 8.exd4 Be7
9.Ne5 O-O 10.Nc3 Nc6 11.Nxc6 bxc6 12.Na4 Bb7 13.Bf4 Qa5 14.Qc2 h6 15.a3 Nd7
16.Rfd1 Qd8 17.b4 a5 18.Nc5 Qc8 19.Bh7+ Kh8 20.Be4 axb4 21.Nxb7 Qxb7 22.Bxc6 Rac8
23.Bxb7 Rxc2 24.a4 b3 25.a5 b2 26.Rab1 Ba3 27.a6 Nb6 28.a7 Rd8 29.h4 f6 30.Rd3 Rd7
31.Rxa3 Rxb7 32.a8=Q+ Nxa8 33.Rxa8+ Kh7 34.g3 g5 35.hxg5 hxg5 36.Be3 g4 37.Ra6 Kg6
38.Rxe6 Kf5 39.d5  1-0

[Event "Sanjin Hotel Cup"]
[Site "Taiyuan CHN"]
[Date "2004.07.23"]
[Round "6"]
[White "Dreev,A"]
[Black "Bu Xiangzhi"]
[Result "1-0"]
[WhiteElo "2690"]
[BlackElo "2620"]

1.d4 d5 2.c4 c6 3.Nf3 Nf6 4.e3 g6 5.Nc3 Bg7 6.Bd3 O-O 7.O-O Bg4 8.h3 Bxf3
9.Qxf3 Qd6 10.Rd1 Nbd7 11.Bf1 a6 12.b3 Rfe8 13.Bb2 Rad8 14.Qe2 dxc4 15.bxc4 e5
16.d5 cxd5 17.Nxd5 Nxd5 18.Rxd5 Qc7 19.Rad1 Nc5 20.Ba3 Bf8 21.Bb2 Bg7 22.Qc2 Rxd5
23.cxd5 Bf8 24.f4 Bd6 25.fxe5 Bxe5 26.Bxe5 Rxe5 27.d6 Qd7 28.Bc4 Kg7 29.Qb2 f6
30.Qb6 Na4 31.Qc7 Qxc7 32.dxc7 Rc5 33.Rd7+ Kh6 34.Bg8 Nb6 35.Rxh7+ Kg5 36.h4+ Kf5
37.Kh2 Na8 38.h5 Kg5 39.h6 f5 40.Kg3 b5 41.Bd5 Nxc7 42.Bg8 Ne8 43.Re7 Nf6
44.h7 Nxh7 45.Rxh7 Rc8 46.Bd5 Rd8 47.e4 fxe4 48.Bxe4 Rd4 49.Rh4 Kf6 50.Bc2 Rd2
51.Rf4+ Kg7 52.Rf2 Rd4 53.Kf3 a5 54.Ke3 Rh4 55.Rd2 Rc4 56.Bd3 Rc5 57.Rc2 Rg5
58.Be4 b4 59.Rc7+ Kh6 60.Kf4  1-0

[Event "Sanjin Hotel Cup"]
[Site "Taiyuan CHN"]
[Date "2004.07.24"]
[Round "7"]
[White "Ni Hua"]
[Black "Dreev,A"]
[Result "1-0"]
[WhiteElo "2583"]
[BlackElo "2690"]

1.e4 c6 2.d4 d5 3.f3 e6 4.Nc3 b6 5.Bf4 Nf6 6.Nge2 Ba6 7.Qd2 Bb4 8.Qe3 O-O
9.O-O-O Nbd7 10.h4 c5 11.e5 Ne8 12.a3 Bxc3 13.Nxc3 Bxf1 14.Rhxf1 cxd4 15.Rxd4 Nb8
16.Bg5 Qc7 17.Rg4 Kh8 18.Nb5 Qd7 19.Nd4 Nc6 20.h5 Nxd4 21.Rxd4 f6 22.Bf4 f5
23.h6 g6 24.Bg5 Rc8 25.Kb1 b5 26.Rfd1 Kg8 27.Rf4 Rc4 28.b3 Rxf4 29.Qxf4 Rf7
30.Rd3 Qc8 31.Kb2 Rc7 32.Qd2 Kf7 33.Be3 a6 34.Rc3 Ke7 35.Bb6 Rxc3 36.Qxc3 Qb7
37.Qb4+ Kf7 38.Be3 Qc7 39.Qc3 Qd8 40.f4 Qd7 41.Qc5 Qb7 42.Qa7 Qxa7 43.Bxa7 g5
44.fxg5 Kg6 45.Be3 d4 46.Bxd4 Kxg5 47.Kc3 Kxh6 48.Kb4 Kg5 49.Kc5 Kf4 50.Kc6 Kg3
51.Kd7 h5 52.Kxe8 h4 53.c4 bxc4 54.bxc4 Kxg2 55.c5 h3 56.c6 h2 57.c7 h1=Q
58.c8=Q Qd1 59.Qc3 f4 60.Ke7 Qg4 61.Qc2+ Kg3 62.Kf6 Qh4+ 63.Kxe6 Qh6+ 64.Kf7  1-0

[Event "RUS-CHN"]
[Site "Moscow CHN"]
[Date "2004.08.10"]
[Round "1"]
[White "Dreev,A"]
[Black "Ni Hua"]
[Result "1-0"]
[WhiteElo "2690"]
[BlackElo "2583"]

1.d4 d5 2.c4 c6 3.Nf3 Nf6 4.e3 a6 5.Nc3 b5 6.c5 Bf5 7.Ne5 h5 8.Qb3 Ng4 9.Nxg4 hxg4
10.a4 Nd7 11.Na2 Qc8 12.Nb4 Qb7 13.Qa2 Rc8 14.axb5 axb5 15.Qa6 Qxa6 16.Rxa6 Nb8
17.Ra8 Kd7 18.e4 Bxe4 19.Bf4 e5 20.Bxe5 Be7 21.Be2 Ke6 22.Rxb8 Rxb8 23.Bxb8 Rxb8
24.Bxg4+ f5 25.Nxc6 Ra8 26.Bd1 Ra2 27.f3 Bb1 28.Kd2 Bg5+ 29.Kc3 Bc1 30.Bc2  1-0

[Event "RUS-CHN"]
[Site "Moscow CHN"]
[Date "2004.08.12"]
[Round "3"]
[White "Bu Xiangzhi"]
[Black "Dreev,A"]
[Result "1/2-1/2"]
[WhiteElo "2620"]
[BlackElo "2690"]

1.d4 d5 2.c4 c6 3.Nf3 Nf6 4.Nc3 e6 5.Qd3 Nbd7 6.Bg5 Be7 7.e3 O-O 8.Be2 b6
9.cxd5 Nxd5 10.Bxe7 Qxe7 11.Nxd5 exd5 12.O-O Bb7 13.Rac1 a5 14.Rc3 Rfc8 15.Rfc1 a4
16.Qc2 g6 17.Ne1 c5 18.dxc5 bxc5 19.Bg4 d4 20.Ra3 Re8 21.Bf3 Ne5 22.Qxc5 Nxf3+
23.gxf3 dxe3 24.Qxe7 exf2+ 25.Kxf2 Rxe7 26.Nd3 Rd8 27.Rc2 Rd5 28.Nc5 Rh5
29.Kg3 Rg5+ 30.Kf2 Rh5 31.Kg3 Rg5+ 32.Kf2 Rh5  1/2-1/2

[Event "RUS-CHN"]
[Site "Moscow CHN"]
[Date "2004.08.15"]
[Round "5"]
[White "Xu Jun"]
[Black "Dreev,A"]
[Result "1/2-1/2"]
[WhiteElo "2617"]
[BlackElo "2690"]

1.d4 d5 2.c4 c6 3.Nf3 Nf6 4.Nc3 e6 5.e3 Nbd7 6.Qc2 Bd6 7.Bd3 O-O 8.O-O dxc4
9.Bxc4 a6 10.Be2 c5 11.dxc5 Bxc5  1/2-1/2

[Event "36th Olympiad"]
[Site "Calvia ESP"]
[Date "2004.10.19"]
[Round "5"]
[White "Timoscenko,G"]
[Black "Dreev,A"]
[Result "1/2-1/2"]
[WhiteElo "2504"]
[BlackElo "2698"]

1.d4 d5 2.c4 c6 3.Nf3 Nf6 4.Nc3 e6 5.e3 Nbd7 6.Qc2 Bd6 7.Bd3 O-O 8.O-O dxc4
9.Bxc4 a6 10.Rd1 b5 11.Be2 Qc7 12.Ne4 Nxe4 13.Qxe4 Be7 14.Bd2 Bb7 15.Rac1 c5
16.Qb1 Qb6 17.dxc5 Nxc5 18.Bc3 Be4 19.Qa1 b4 20.Bd4 Rac8 21.Nd2 Bd5 22.b3 f6
23.Bf3 Bxf3 24.Nxf3 Rfd8 25.Bxc5 Rxd1+ 26.Rxd1 Qxc5 27.Nd2 Qc2 28.Nc4 Rd8
29.Rxd8+ Bxd8 30.g3 Be7 31.Qb2 Qd1+ 32.Kg2 Qd5+ 33.Kg1 Qd1+ 34.Kg2 Qd5+  1/2-1/2

[Event "36th Olympiad"]
[Site "Calvia ESP"]
[Date "2004.10.24"]
[Round "9"]
[White "Harikrishna,P"]
[Black "Dreev,A"]
[Result "0-1"]
[WhiteElo "2612"]
[BlackElo "2698"]

1.d4 d5 2.c4 c6 3.Nc3 Nf6 4.e3 e6 5.Nf3 Nbd7 6.Qc2 Bd6 7.g4 dxc4 8.Bxc4 e5
9.Bd2 exd4 10.Nxd4 Nb6 11.Be2 O-O 12.O-O-O Nbd5 13.Nxd5 Nxd5 14.Nf5 Bxf5
15.gxf5 Qh4 16.Qc4 Qf6 17.Rhg1 Rad8 18.Kb1 Bxh2 19.Rg4 Rfe8 20.Qc2 Qe7 21.e4 Nf6
22.Rh4 Nxe4 23.f6 Nxf6 24.Bd3 Rxd3 25.Qxd3 Rd8 26.Qc2 Qd6 27.f4 Bg1 28.Rh1 Bd4
29.Rh3 c5 30.Be3 Qe6 31.f5 Qe5 32.Bg5 Re8 33.Rdh1 h6 34.Bc1 Qe4 35.Qxe4 Rxe4
36.a4 Nd5 37.a5 Kf8 38.Rb3 b6 39.axb6 axb6 40.Ra3 Ke7 41.Ra7+ Kf6 42.Rd7 Ne3
43.Rd6+ Kxf5 44.Rxb6 f6 45.Rb7 Kg6 46.Rh3 Ng4 47.b4 cxb4 48.Rxb4 f5 49.Ra3 Be5
50.Ra6+ Nf6 51.Rb7 h5 52.Raa7 Ng4 53.Ra6+ Bf6 54.Ba3 Re8 55.Be7 h4 56.Bxf6 Nxf6
57.Raa7 Nh5 58.Kc2 h3 59.Rb3 Re2+ 60.Kd1 h2 61.Rh3 Rg2  0-1